| 000 | 00632nam a22002057a 4500 | ||
|---|---|---|---|
| 003 | OSt | ||
| 005 | 20260123013410.0 | ||
| 008 | 260123b |||||||| |||| 00| 0 eng d | ||
| 020 | _a0471053511 | ||
| 040 |
_aDWCL - Main _cOC |
||
| 082 | _aProf. 658.54 B263 1968 | ||
| 100 |
_aBarnes, Ralph M. _eAuthor |
||
| 245 |
_aMotion and time study : _bdesign and measurement of work / _cRalph M. Barnes |
||
| 260 |
_aPhilippines: _bPhoenix Press, _cc1968. |
||
| 300 |
_axi, 799 p.; _c21 cm. |
||
| 504 | _aincludes bibliographical references and index. | ||
| 650 | _a1. Motion Study. | ||
| 650 | _a2. Time study. | ||
| 942 |
_2ddc _cPROF. _n0 |
||
| 999 |
_c7735 _d7735 |
||